| 000 | 01204nam a2200301 a 4500 | ||
|---|---|---|---|
| 001 | 30943 | ||
| 003 | BD-RjUL | ||
| 005 | 20211209051635.0 | ||
| 008 | 140412r19831914ii b 001 0 eng d | ||
| 020 | _a0895814072 (Cloth) | ||
| 020 | _a0895816261 (Paper) | ||
| 035 | _a(BD-RjUL)31030 | ||
| 040 |
_aUkOxU _beng _cUkOxU _dBD-RjUL |
||
| 041 | _aeng | ||
| 082 | 0 | 4 |
_a181.452 _bPAY 1983 |
| 100 | 0 |
_aPatañjali. _994019 |
|
| 245 | 1 | 4 |
_aThe yoga-system of Patañjali : _bor, the ancient Hindu doctrine of concentration of mind embracing the mnemonic rules, called Yoga-sūtras, of Patañjali and the comment, called Yoga-bhāshya, attributed to Veda-Vyāsa and the explanation, called Tattva-vāiçāradī, of Vāchaspati-micra / _ctranslated from the original Sanskrit by James Haughton Woods. |
| 260 |
_aDelhi : _bMotilal Banarsidass, _c1914 [Reprinted 1983]. |
||
| 300 |
_axli, 384 p. ; _c24 cm. |
||
| 500 | _aFirst published : 1914. | ||
| 504 | _aIncludes bibliographic references. | ||
| 600 | 0 | 0 |
_aPatañjali. _994031 |
| 650 | 0 |
_aYoga. _950600 |
|
| 830 | 0 |
_vv.17. _994032 |
|
| 700 | 1 |
_aWoods, James Haughton, _d1864-1935. _994022 |
|
| 830 | 0 |
_aHarvard oriental series ; _994033 |
|
| 942 |
_2ddc _cBK |
||
| 999 |
_c30943 _d30943 |
||